Milla Loncó /

En el verano de 1876 a 1877, un chico de doce años se traslada con su familia desde Buenos Aires a Trenque Lauquen, donde su padre ha sido designado médico del regimiento a cargo del Coronel Villegas. Allí lo esperan conflictos, enfrentamientos y aventuras, pero también amigos que lo acompañarán en...

Descripción completa

Guardado en:
Autor Principal: Otero, Rodolfo.
Otros Autores: Orueta, Lucas; il.
Formato: Libro
Idioma:Undetermined
Publicado: Boulogne : Estrada, 2023.
Edición:1a ed.
Series:Identidades bonaerenses
Azulejos. Roja ; 10
Materias:
Etiquetas: Agregar Etiqueta
Sin Etiquetas, Sea el primero en etiquetar este registro!
LEADER 01926nam a22003015a 4500
001 CEM.cems024775
008 250704s2023####ag############000#0#und#d
005 20250819080852.0
245 1 0 |a Milla Loncó /  |c Rodolfo Otero ; ilustraciones de Lucas Orueta. 
250 |a 1a ed. 
260 |a Boulogne :  |b Estrada,  |c 2023. 
300 |a 299 p. 
490 1 |a Identidades bonaerenses 
490 1 |a Azulejos. Roja ;  |v 10 
500 |a Edición especial de la Dirección de Cultura y Educación de la Provincia de Buenos Aires. 
500 |a Sugerencia de edad: a partir de ciclo básico. 
520 |a En el verano de 1876 a 1877, un chico de doce años se traslada con su familia desde Buenos Aires a Trenque Lauquen, donde su padre ha sido designado médico del regimiento a cargo del Coronel Villegas. Allí lo esperan conflictos, enfrentamientos y aventuras, pero también amigos que lo acompañarán en ellas. Una novela que recupera la época colonial de la provincia de Buenos Aires a partir de la mirada adolescente de su protagonista sobre ese territorio y esa historia. Describe sin concesiones la interacción entre pueblos originarios, criollos y españoles que poblaban una tierra que todavía era una frontera. Una interacción que oscilaba entre el enfrentamiento y la convivencia pacífica y que fue conformando una particular identidad que aportó a la construcción de la Provincia. 
020 |a 9789500131865 
100 1 |a Otero, Rodolfo. 
700 1 |a Orueta, Lucas; il. 
653 |a Literatura argentina 
653 |a Novela argentina 
653 |a Literatura juvenil 
653 |a Identidades bonaerenses 
859 |a CEMS  |b BIB. CEMS - Agricultura  |h A863.4  |i Ot2  |p A3927.25  |t Ej.1 
859 |a CEMS  |b BIB. CEMS - Ccias. Educacion  |h A863.4  |i Ot2  |k CE  |p 30081.25  |t Ej.1 
859 |a CEMS  |b BIB. CEMS - 11 de abril  |h A863.4  |i Ot2-1a1  |p 30079.25  |t Ej.1 
859 |a CEMS  |b BIB. CEMS - 11 de abril  |h A863.4  |i Ot2-1a1  |p 30080.25  |t Ej.2